| 000 | 00636nam a22001932 4500 | ||
|---|---|---|---|
| 001 | 0000009766 | ||
| 005 | 20151217155843.0 | ||
| 008 | 081127s xx 000 0 eng d | ||
| 040 |
_aKABU _cKABU |
||
| 100 | 1 |
_aGoldthorpe, J. E. _@0000161543 |
|
| 245 | 1 | 0 |
_aTribal maps of East Africa and Zanzibar / _cJ. E. Goldthorpe and F. B. Wilson. |
| 250 | _a1st ed. | ||
| 260 |
_aKampala : _bEast African Institute of Social Research, _c1960. |
||
| 300 |
_a13 p. : _bill. ; 8 maps. |
||
| 650 | 0 |
_aEthnology _vMaps _zAfrica, East. _@0000161544 |
|
| 852 | 1 | _9p100 | |
| 908 | _a081127 | ||
| 950 | _@1 | ||
| 999 |
_c13284 _d13284 |
||